Random countries by first and last letters - Statistics

General Stats
  • This quiz has been taken 25 times
    21 since last reset
  • The average score is 15 of 18
Answer Stats
The continent First and Last letters Country % Correct
Europe D-K Denmark
100%
North America C-A Canada
95%
Africa M-I Mali
95%
Europe N-Y Norway
95%
Asia Q-R Qatar
95%
South America U-Y Uruguay
95%
Asia C-A Cambodia
89%
Africa R-A Rwanda
89%
Europe G-Y Germany
84%
North America G-A Guatemala
84%
North America H-S Honduras
84%
Africa K-A Kenya
84%
Asia I-L Israel
79%
Asia B-H Bangladesh
74%
Asia I-N Iran
74%
Africa B-O Burkina Faso
58%
Europe C-S Cyprus
53%
Africa C-E Cape Verde
42%
No matching quizzes found
Score Distribution
Percent of People with Each Score
Percentile by Number Answered
Your Score History
You have not taken this quiz since the last reset